000 00757nam a2200253Ia 4500
003 OSt
005 20220928103837.0
006 a|||||r|||| 00| 0
007 ta
008 220927b |||||||| |||| 00| 0 eng d
024 _a90529
037 _cTextual
040 _aSDCL
_cSDCL
_beng
041 _2eng
_aeng
082 _aO152:gvN5, K6
100 _aSukla Ramchandra
_9407274
245 0 _aHindi- aalochana ke aadhar- stambha.
260 _aDelhi
_bRadhakrishan Prakashan
_c1966
300 _a245p.
_ccm.
700 _a Dwivedi Hajari Prasad
_9407275
700 _a Vajpayee Nand Dulare
_9392818
942 _hO152:gvN5, K6
_cTEXL
_2CC
999 _c722798
_d722798